000
00339nam a2200145Ia 4500
005
20251222143154.0
008
251222s9999||||xx |||||||||||||| ||spa||
020
_a
847112-370-3
082
_a
370.1/B18
100
_a
Comp. Stephen J. Ball
245
0
_a
Foucault y La Educación:
250
_a
3a.ed.
264
_b
Morata
942
_c
LIB
999
_c
12805
_d
12805